Central Library OPAC University of Rajshahi

Thor, with angels / (Record no. 17746)

MARC details
000 -LEADER
fixed length control field 00921nam a2200289 a 4500
001 - CONTROL NUMBER
control field 17746
003 - CONTROL NUMBER IDENTIFIER
rucl marc code BD-RjUL
005 - DATE AND TIME OF LATEST TRANSACTION
control field 20211209000203.0
008 - FIXED-LENGTH DATA ELEMENTS--GENERAL INFORMATION
fixed length control field 140217s19571948enk 000 0 eng
035 ## - SYSTEM CONTROL NUMBER
System control number (BD-RjUL)17804
040 ## - CATALOGING SOURCE
Original cataloging agency DLC
Transcribing agency DLC
Language of cataloging eng
Modifying agency BD-RjUL
041 ## - LANGUAGE CODE
Language code of text/sound track or separate title eng
082 ## - DEWEY DECIMAL CLASSIFICATION NUMBER
Classification number 822
Author mark and year FRT 1954
100 ## - MAIN ENTRY--PERSONAL NAME
Personal name Christopher fri
9 (RLIN) 54712
245 00 - TITLE STATEMENT
Title Thor, with angels /
Statement of responsibility, etc. Christopher fri
260 ## - PUBLICATION, DISTRIBUTION, ETC. (IMPRINT)
Place of publication, distribution, etc. London :
Name of publisher, distributor, etc. Oxford university press,
Date of publication, distribution, etc. 1948, [impression 1954,1957]
300 ## - PHYSICAL DESCRIPTION
Pagination 54 p. ;
Size 18 cm.
500 ## - GENERAL NOTE
General note University Theatre, December 1-16, 1950.
General note Title devised by Library staff.
General note LC copy has notations by Coe.
580 ## - LINKING ENTRY COMPLEXITY NOTE
Linking entry complexity note In: Richard L. Coe Theater Programs Collection (Library of Congress).
650 ## - SUBJECT ADDED ENTRY--TOPICAL TERM
Topical term or geographic name as entry element English drama
9 (RLIN) 241842
Topical term or geographic name as entry element Merlin (Legendary character)
9 (RLIN) 241843
942 ## - ADDED ENTRY ELEMENTS (KOHA)
Source of classification or shelving scheme Dewey Decimal Classification
Koha item type Books
Holdings
Lost status Source of classification or shelving scheme Damaged status Not for loan Collection code Permanent Location Current Location Shelving location Date acquired Source of acquisition Cost, normal purchase price Total Checkouts Full call number Date last seen Copy number Koha item type
  Dewey Decimal Classification     Fiction Central Library, University of Rajshahi Central Library, University of Rajshahi   13/05/1967 University book agencies 7.12   822 FRT 1957 17/02/2014 C-2 Books
  Dewey Decimal Classification   Not For Loan Fiction Central Library, University of Rajshahi Central Library, University of Rajshahi Reading Room 05/08/1955 O.U.P. 3.12   822 FRT 1954 18/10/2020 C-1 Books